header

Cultural, psychological, and typological issues in cognitive linguistics (Record no. 122157)

MARC details
000 -LEADER
fixed length control field 02250nam a2200445 a 4500
082 04 - DEWEY DECIMAL CLASSIFICATION NUMBER
Classification number 415
245 00 - TITLE STATEMENT
Title Cultural, psychological, and typological issues in cognitive linguistics
260 ## - PUBLICATION, DISTRIBUTION, ETC. (IMPRINT)
Place of publication Amsterdam ;
-- Philadelphia :
Name of publisher J. Benjamins,
Year of publication c1999.
300 ## - PHYSICAL DESCRIPTION
Number of Pages 338 p. :
Other physical details ill.
490 1# - SERIES STATEMENT
Series statement Amsterdam studies in the theory and history of linguistic science. Series IV, Current issues in linguistic theory,
500 ## - GENERAL NOTE
General note Selected papers of the 4th International Cognitive Linguistics Conference, held July 1995 in Albuquerque, New Mexico.
505 0# - FORMATTED CONTENTS NOTE
Formatted contents note pt. 1. Cultural patterns, language and cognition -- pt. 2. Psycholinguistic and neurolinguistic approaches -- pt. 3. Typological issues.
650 #0 - SUBJECT ADDED ENTRY--TOPICAL TERM
Topical Term Cognitive grammar
Topical Term Language and culture
Topical Term Psycholinguistics
Topical Term Typology (Linguistics)
700 1# - ADDED ENTRY--PERSONAL NAME
Personal name Hiraga, Masako.
Personal name Sinha, Chris.
Personal name Wilcox, Sherman.
856 40 - ELECTRONIC LOCATION AND ACCESS
Uniform Resource Identifier http://site.ebrary.com/lib/rucke/Doc?id=10482365

No items available.

© 2026 Rongo University
Contact us: librarian | system librarian | Rongo university